| 000 | 00675nam a2200253Ia 4500 | ||
|---|---|---|---|
| 003 | OSt | ||
| 005 | 20220924123101.0 | ||
| 006 | a|||||r|||| 00| 0 | ||
| 007 | ta | ||
| 008 | 220923b |||||||| |||| 00| 0 san d | ||
| 024 | _a264465 | ||
| 037 | _cTextual | ||
| 040 |
_aARTS _cARTS _bsan |
||
| 041 |
_2san _asan |
||
| 082 | _aO31,1M82:g, L6 | ||
| 100 |
_aArunachalam Au. _9191606 |
||
| 245 | 0 | _aKaviarasar barathi | |
| 260 |
_aMadras _bTamil puthakalayam India _c1976 |
||
| 300 |
_a112p. _ccm. |
||
| 650 | _a TAMIL POETRY | ||
| 650 | _aTAMIL LITERATURE | ||
| 942 |
_hO31,1M82:g, L6 _cTEXL _2CC |
||
| 999 |
_c414235 _d414235 |
||